[Event "GER-ch U18"]
[Site "Willingen"]
[Date "2009.06.06"]
[Round "9"]
[White "Dupont, Gabriel"]
[Black "Haeusler, Felix"]
[Result "1/2-1/2"]
[WhiteElo "1852"]
[BlackElo "1990"]
[PlyCount "122"]
[EventDate "2009.05.30"]
[EventType "swiss"]
[EventRounds "9"]
[EventCountry "GER"]
[SourceTitle "CBM 130 Extra"]
[Source "ChessBase"]
[SourceDate "2009.07.02"]
[SourceVersion "2"]
[SourceVersionDate "2009.07.15"]
[SourceQuality "1"]

1. d4 Nf6 2. Nf3 g6 3. c4 Bg7 4. Nc3 0-0 5. e4 d6 6. Be2 e5 7. 0-0 Nc6 8. d5 Ne7 9. b4 Ne8 10. c5 f5 11. Ng5 h6 12. Ne6 Bxe6 13. dxe6 fxe4 14. Bc4 Nf6 15. cxd6 cxd6 16. Nd5 Rc8 17. Bb3 Nfxd5 18. Bxd5 Nxd5 19. Qxd5 Qe7 20. Qxe4 Rf6 21. Be3 b6 22. Rac1 Rxc1 23. Rxc1 Rxe6 24. Rc8+ Kh7 25. Qc4 d5 26. Qxd5 Qxb4 27. h3 Qd6 28. Qc4 Bf6 29. Rc7+ Re7 30. Rc6 Qd1+ 31. Kh2 Bg5 32. f4 Bxf4+ 33. Bxf4 exf4 34. Rc8 Rg7 35. Qxf4 Qd7 36. Qf8 g5 37. Qh8+ Kg6 38. Rg8 Rxg8 39. Qxg8+ Qg7 40. Qe8+ Qf7 41. Qe4+ Kg7 42. Qd4+ Kh7 43. Qd3+ Kg7 44. Qd4+ Kg6 45. Qd6+ Qf6 46. Qd3+ Kf7 47. Qd7+ Qe7 48. Qf5+ Kg7 49. Qd5 Qc7+ 50. Kh1 Qc1+ 51. Kh2 Qf4+ 52. Kh1 Qc1+ 53. Kh2 Qc7+ 54. Kh1 Kf6 55. Qd4+ Kf5 56. Qd5+ Kg6 57. Qe6+ Kg7 58. Qd5 a5 59. Qd4+ Kf7 60. Qd5+ Ke7 61. Qe4+ Kd8 1/2-1/2

[Event "GER-ch U18"]
[Site "Willingen"]
[Date "2009.06.03"]
[Round "6"]
[White "Falke, Isaak"]
[Black "Dupont, Gabriel"]
[Result "1/2-1/2"]
[WhiteElo "1950"]
[BlackElo "1852"]
[PlyCount "57"]
[EventDate "2009.05.30"]
[EventType "swiss"]
[EventRounds "9"]
[EventCountry "GER"]
[SourceTitle "CBM 130 Extra"]
[Source "ChessBase"]
[SourceDate "2009.07.02"]
[SourceVersion "2"]
[SourceVersionDate "2009.07.15"]
[SourceQuality "1"]

1. d4 d5 2. c4 c6 3. Nf3 Nf6 4. Nc3 dxc4 5. a4 Bf5 6. Nh4 Bg4 7. h3 Bh5 8. g4 Bg6 9. Nxg6 hxg6 10. e3 e6 11. Bxc4 Bb4 12. Bd2 Nbd7 13. Qe2 a5 14. Rc1 Qe7 15. e4 Nb6 16. Bb3 Rd8 17. g5 Nfd7 18. f4 Nb8 19. Be3 c5 20. Qb5+ N8d7 21. Kf2 cxd4 22. Bxd4 Bc5 23. Ne2 Bxd4+ 24. Nxd4 0-0 25. Nf3 Rc8 26. Qxa5 Qd6 27. Qd2 Qxd2+ 28. Nxd2 Nc5 29. Ke3 1/2-1/2

[Event "GER-ch U16"]
[Site "Willingen"]
[Date "2008.05.13"]
[Round "5"]
[White "Loehrke, Michael"]
[Black "Dupont, Gabriel"]
[Result "1/2-1/2"]
[WhiteElo "1832"]
[BlackElo "1888"]
[PlyCount "61"]
[EventDate "2008.05.11"]
[EventType "swiss"]
[EventRounds "9"]
[EventCountry "GER"]
[SourceTitle "CBM 124 Extra"]
[Source "ChessBase"]
[SourceDate "2008.07.03"]
[SourceVersion "1"]
[SourceVersionDate "2008.07.03"]
[SourceQuality "1"]

1. d4 d5 2. Nf3 Nf6 3. Bf4 c5 4. e3 Nc6 5. Nbd2 e6 6. c3 Bd6 7. Ne5 0-0 8. Bd3 Be7 9. Qf3 Nd7 10. Qh3 f5 11. g4 Ndxe5 12. dxe5 g5 13. Rg1 Kh8 14. Bg3 Rf7 15. f4 Qg8 16. gxf5 exf5 17. fxg5 f4 18. e6 Bxe6 19. Qxe6 fxg3 20. 0-0-0 Rf2 21. Qxg8+ Rxg8 22. hxg3 Bxg5 23. Rh1 h6 24. Rdf1 Rxf1+ 25. Nxf1 d4 26. Rh2 dxe3 27. Re2 Ne5 28. Kc2 Ng4 29. Bf5 h5 30. Bxg4 hxg4 31. Nxe3 1/2-1/2

[Event "GER-ch U16"]
[Site "Willingen"]
[Date "2008.05.11"]
[Round "1"]
[White "Dupont, Gabriel"]
[Black "Nuber, Blasius"]
[Result "0-1"]
[WhiteElo "1888"]
[BlackElo "2093"]
[PlyCount "58"]
[EventDate "2008.05.11"]
[EventType "swiss"]
[EventRounds "9"]
[EventCountry "GER"]
[SourceTitle "CBM 124 Extra"]
[Source "ChessBase"]
[SourceDate "2008.07.03"]
[SourceVersion "1"]
[SourceVersionDate "2008.07.03"]
[SourceQuality "1"]

1. d4 d5 2. c4 c6 3. Nc3 Nf6 4. Nf3 e6 5. Bg5 Be7 6. e3 Nbd7 7. Bd3 0-0 8. 0-0 Re8 9. Qc2 h6 10. Bh4 dxc4 11. Bxc4 Nb6 12. Bb3 Nbd5 13. Rad1 Qa5 14. e4 Nxc3 15. bxc3 b6 16. Ne5 Bb7 17. Nc4 Qh5 18. Bg3 c5 19. Nd2 Rac8 20. Qd3 Nxe4 21. Nxe4 c4 22. Bxc4 Bxe4 23. Qxe4 Rxc4 24. Qb7 Qa5 25. d5 exd5 26. Rxd5 Qxa2 27. Re5 Qa3 28. Rfe1 Rxc3 29. Rxe7 Qxe7 0-1

[Event "Hamburg HSK Elo op 5th"]
[Site "Hamburg"]
[Date "2007.05.01"]
[Round "6.20"]
[White "Collet, Martin"]
[Black "Dupont, Gabriel"]
[Result "1-0"]
[WhiteElo "1508"]
[BlackElo "1898"]
[PlyCount "63"]
[EventDate "2007.04.28"]
[EventType "swiss"]
[EventRounds "7"]
[EventCountry "GER"]
[SourceTitle "EXT 2009"]
[Source "ChessBase"]
[SourceDate "2008.11.26"]
[SourceVersion "1"]
[SourceVersionDate "2008.11.26"]
[SourceQuality "1"]

1. e4 e5 2. Nf3 Nc6 3. Bc4 Bc5 4. c3 Nf6 5. d4 exd4 6. cxd4 Bb4+ 7. Bd2 Bxd2+ 8. Nbxd2 d5 9. exd5 Nxd5 10. Qb3 Na5 11. Qa4+ c6 12. 0-0 Nxc4 13. Nxc4 0-0 14. Nce5 f6 15. Nd3 Qd6 16. Rfe1 Bg4 17. Nd2 Bf5 18. Nc5 b6 19. Ncb3 b5 20. Qa5 Nb4 21. Ne4 Bxe4 22. Rxe4 f5 23. Re2 f4 24. Rae1 Nd5 25. Re6 Qd7 26. Nc5 Qc8 27. a3 f3 28. g3 Nc7 29. Qc3 Nxe6 30. Nxe6 Re8 31. d5 cxd5 32. Qxg7# 1-0

[Event "Niedersachsen-ch op"]
[Site "Verden"]
[Date "2007.01.05"]
[Round "4"]
[White "Dupont, Gabriel"]
[Black "Zotin, Vladimir"]
[Result "1-0"]
[WhiteElo "1578"]
[BlackElo "2023"]
[PlyCount "101"]
[EventDate "2007.01.04"]
[EventType "swiss"]
[EventRounds "7"]
[EventCountry "GER"]
[SourceTitle "EXT 2021"]
[Source "ChessBase"]
[SourceDate "2020.10.23"]
[SourceVersion "1"]
[SourceVersionDate "2020.10.23"]
[SourceQuality "1"]

1. d4 e6 2. c4 b6 3. Nf3 f5 4. Nc3 Nf6 5. Bg5 Bb4 6. e3 Bb7 7. Bd3 0-0 8. Qc2 Qe8 9. a3 Bxc3+ 10. bxc3 Qg6 11. h4 Bxf3 12. gxf3 h6 13. Bxf6 Qxf6 14. 0-0-0 Nc6 15. Rdg1 Na5 16. h5 Qe7 17. Qa2 c5 18. d5 exd5 19. cxd5 c4 20. Bxc4 Nxc4 21. Qxc4 Qxa3+ 22. Kc2 Rac8 23. Qb3 Qc5 24. Rg6 d6 25. Rhg1 Rc7 26. Kd2 f4 27. Rf1 fxe3+ 28. fxe3 Rf5 29. e4 Rxh5 30. Qb4 Rh2+ 31. Kd3 Qxb4 32. cxb4 Rb2 33. Rxd6 Rxb4 34. Rd8+ Kf7 35. d6 Rcc4 36. Rd7+ Kf6 37. Rg1 Rd4+ 38. Kc3 a5 39. Rgxg7 Ke5 40. Rgf7 Rbc4+ 41. Kb3 a4+ 42. Kb2 Rd2+ 43. Kb1 Kd4 44. Rc7 Rb4+ 45. Kc1 Rdb2 46. d7 Rb1+ 47. Kd2 R4b2+ 48. Rc2 Rxc2+ 49. Kxc2 Rb3 50. d8Q+ Ke3 51. Qd2# 1-0

[Event "Niedersachsen-ch op"]
[Site "Verden"]
[Date "2007.01.04"]
[Round "1"]
[White "Kaphle, Sebastian"]
[Black "Dupont, Gabriel"]
[Result "0-1"]
[WhiteElo "2028"]
[BlackElo "1578"]
[PlyCount "90"]
[EventDate "2007.01.04"]
[EventType "swiss"]
[EventRounds "7"]
[EventCountry "GER"]
[SourceTitle "EXT 2021"]
[Source "ChessBase"]
[SourceDate "2020.10.23"]
[SourceVersion "1"]
[SourceVersionDate "2020.10.23"]
[SourceQuality "1"]

1. e4 e5 2. Nf3 Nc6 3. Bc4 Bc5 4. b4 Bb6 5. a4 a6 6. Ba3 d6 7. 0-0 Be6 8. Qe2 Nf6 9. Nc3 0-0 10. Nd5 Bxd5 11. Bxd5 Nxd5 12. exd5 Ne7 13. c4 a5 14. d4 axb4 15. Bb2 exd4 16. Nxd4 Qd7 17. Rfe1 Ng6 18. Qh5 Rxa4 19. Rxa4 Qxa4 20. Ra1 Qd7 21. Nf5 f6 22. Bd4 Bc5 23. g3 Ne5 24. Bxc5 dxc5 25. Ne3 b5 26. Qe2 bxc4 27. Rd1 c3 28. f4 Nf7 29. Qc4 Re8 30. Re1 Qd6 31. Kf2 Qb6 32. Nf5 Rxe1 33. Kxe1 Qa5 34. Ke2 Nd6 35. Nxd6 cxd6 36. Kf3 Qb6 37. Qe4 Qb8 38. g4 b3 39. g5 fxg5 40. f5 b2 41. f6 b1Q 42. Qe6+ Kh8 43. fxg7+ Kxg7 44. Qe7+ Kh6 45. Qe6+ Qg6 0-1